00709cam a22002291 450000100060000000300080000600500170001400800410003103500190007203500140009104000420010504100080014708200220015510000420017724500930021925000120031226000420032430000310036665000360039770000240043370000220045712761BD-RjUL20211208235342.0140129s1963 moua 000 0 eng  a(BD-RjUL)12811 a(BD-RjUL) aDLCcOWorPdOCoLCdUkd(BD-RjUL)beng aeng a612.072bZOL 19631 aZoethout, William Douwes,d1871-1959.10aLaboratory experiments in physiology /cRev. by Blaine H. Levedahl and Albert A. Berber. a6th ed. aSaint Louis,bC. V. Mosby Co.,c1963. a170 p. :billus. ;c23 cm. 0aPhysiologyxLaboratory manuals.1 aLevedahl, Blaine H.1 aBarber, Albert A.